Dorpen en Steden van Groningen - Statistieken

Algemene statistieken
  • Deze quiz is 139 keer genomen
  • De gemiddelde score is 57 van 198
Antwoordstatistieken
Gemeente Kern % Correct
Groningen Groningen
90%
Eemsdelta Delfzijl
85%
Pekela Oude Pekela
84%
Pekela Nieuwe Pekela
82%
Eemsdelta Appingedam
80%
Midden-Groningen Hoogezand
77%
Veendam Veendam
77%
Stadskanaal Stadskanaal
74%
Midden-Groningen Sappemeer
70%
Eemsdelta Loppersum
67%
Groningen Haren
66%
Het Hogeland Winsum
66%
Het Hogeland Bedum
62%
Oldambt Winschoten
62%
Westerwolde Ter Apel
59%
Het Hogeland Lauwersoog
57%
Oldambt Bad Nieuweschans
54%
Het Hogeland Eemshaven
54%
Groningen Ten Boer
54%
Westerkwartier Leek
51%
Oldambt Scheemda
51%
Het Hogeland Uithuizen
51%
Het Hogeland Warffum
51%
Veendam Wildervank
51%
Westerkwartier Marum
49%
Het Hogeland Baflo
46%
Stadskanaal Mussel
46%
Stadskanaal Musselkanaal
46%
Het Hogeland Pieterburen
46%
Midden-Groningen Slochteren
46%
Het Hogeland Zoutkamp
46%
Westerwolde Bourtange
44%
Midden-Groningen Siddeburen
44%
Eemsdelta Middelstum
43%
Oldambt Midwolda
43%
Het Hogeland Roodeschool
43%
Het Hogeland Uithuizermeeden
43%
Midden-Groningen Zuidbroek
43%
Westerkwartier Aduard
41%
Westerkwartier Zuidhorn
41%
Midden-Groningen Muntendam
39%
Het Hogeland | Westerkwartier Niekerk
39%
Westerwolde Vlagtwedde
39%
Oldambt Beerta
38%
Westerkwartier Grootegast
38%
Stadskanaal Onstwedde
38%
Westerwolde Sellingen
38%
Groningen Ten Post
38%
Het Hogeland Usquert
38%
Westerwolde Bellingwolde
36%
Westerkwartier Grijpskerk
36%
Groningen | Midden-Groningen Harkstede *
36%
Westerkwartier Lutjegast
36%
Midden-Groningen Meeden
36%
Westerkwartier Noordhorn
36%
Het Hogeland Sauwerd
36%
Eemsdelta Spijk
36%
Eemsdelta Stedum
36%
Westerkwartier Tolbert
36%
Het Hogeland Adorp
34%
Groningen Glimmen
34%
Het Hogeland Eenrum
33%
Midden-Groningen Kolham
33%
Het Hogeland Leens
33%
Stadskanaal Alteveer
31%
Eemsdelta Bierum
31%
Midden-Groningen Foxhol
31%
Westerkwartier Oldekerk
31%
Oldambt | Westerkwartier Oostwold
31%
Het Hogeland Ulrum
31%
Westerwolde Wedde
31%
Westerwolde Blijham
30%
Westerkwartier Boerakker
30%
Oldambt Finsterwolde
30%
Oldambt Heiligerlee
30%
Midden-Groningen Kropswolde
30%
Westerkwartier Niebert
30%
Eemsdelta Termunten
30%
Eemsdelta Termunterzijl
30%
Eemsdelta Farmsum
28%
Midden-Groningen Noordbroek
28%
Midden-Groningen Schildwolde
28%
Het Hogeland Zuidwolde
28%
Westerkwartier Garnwerd
26%
Westerkwartier Nuis
26%
Eemsdelta Wagenborgen
26%
Westerkwartier Zevenhuizen
26%
Oldambt Blauwestad
25%
Westerkwartier Doezum
25%
Het Hogeland Kantens
25%
Westerkwartier Oldehove
25%
Westerwolde Oudeschans
25%
Midden-Groningen Steendam
25%
Westerwolde Ter Apelkanaal
25%
Westerwolde Vriescheloo
25%
Eemsdelta Woldendorp
25%
Westerkwartier Ezinge
23%
Eemsdelta Holwierde
23%
Het Hogeland Kloosterburen
23%
Oldambt Nieuwolda
23%
Oldambt Nieuw Scheemda
23%
Het Hogeland Onderdendam
23%
Westerkwartier De Wilp
21%
Westerkwartier Enumatil
21%
Groningen Garmerwolde
21%
Eemsdelta Meedhuizen
21%
Groningen Meerstad
21%
Oldambt Nieuw Beerta
21%
Groningen Noordlaren
21%
Westerwolde Veelerveen
21%
Oldambt Westerlee
21%
Eemsdelta Zeerijp
21%
Oldambt Drieborg
20%
Midden-Groningen Hellum
20%
Het Hogeland Houwerzijl
20%
Westerkwartier Kommerzijl
20%
Westerkwartier Kornhorn
20%
Westerkwartier Midwolde
20%
Westerkwartier Niezijl
20%
Westerkwartier Noordwijk
20%
Het Hogeland Noordwolde
20%
Westerkwartier Opende
20%
Het Hogeland Rottum
20%
Westerkwartier Sebaldeburen
20%
Het Hogeland Den Andel
18%
Westerkwartier Den Ham
18%
Westerkwartier Feerwerd
18%
Westerkwartier Jonkersvaart
18%
Midden-Groningen Overschild
18%
Het Hogeland Vierhuizen
18%
Midden-Groningen Borgercompagnie
16%
Midden-Groningen Froombosch
16%
Midden-Groningen Kiel-Windeweer
16%
Het Hogeland Rasquert
16%
Westerkwartier Saaksum
16%
Het Hogeland Tinallinge
16%
Het Hogeland Wehe-Den Hoorn
16%
Eemsdelta Westeremden
16%
Het Hogeland Zandeweer
16%
Westerkwartier Briltil
15%
Het Hogeland Eppenhuizen
15%
Eemsdelta Godlinze
15%
Westerkwartier Lauwerzijl
15%
Eemsdelta Losdorp
15%
Groningen Onnen
15%
Het Hogeland Oosternieland
15%
Het Hogeland Schouwerzijl
15%
Groningen Thesinge
15%
Midden-Groningen Tjuchem
15%
Eemsdelta 't Zandt
15%
Eemsdelta Wirdum
15%
Het Hogeland Zuurdijk
15%
Eemsdelta Eenum
13%
Eemsdelta Garrelsweer
13%
Eemsdelta Garsthuizen
13%
Eemsdelta Krewerd
13%
Groningen | Midden-Groningen Lageland *
13%
Het Hogeland Oldenzijl
13%
Westerkwartier Pieterzijl
13%
Groningen Sint Annen
13%
Oldambt 't Waar
13%
Westerkwartier Visvliet
13%
Stadskanaal Vledderveen
13%
Midden-Groningen Westerbroek
13%
Het Hogeland Westernieland
13%
Midden-Groningen Woudbloem
13%
Eemsdelta Zijldijk
13%
Eemsdelta Borgsweer
11%
Westerkwartier Den Horn
11%
Het Hogeland Hornhuizen
11%
Eemsdelta Huizinge
11%
Eemsdelta Leermens
11%
Groningen Lellens
11%
Westerkwartier Lettelbert
11%
Westerkwartier Lucaswolde
11%
Eemsdelta Oosterwijtwerd
11%
Het Hogeland Oudeschip
11%
Het Hogeland Stitswerd
11%
Midden-Groningen Tripscompagnie
11%
Het Hogeland Warfhuizen
11%
Eemsdelta Westerwijtwerd
11%
Het Hogeland Wetsinge
11%
Groningen Winneweer
11%
Oldambt Oudezijl
10%
Midden-Groningen Scharmer
10%
Eemsdelta Toornwerd
10%
Groningen Woltersum
10%
Het Hogeland Saaxumhuizen
8%
Eemsdelta | Het Hogeland Startenhuizen *
8%
Midden-Groningen Waterhuizen
8%
Midden-Groningen Luddeweer
7%
Het Hogeland Mensingerweer
3%
Westerkwartier Niehoeve
3%
Geen overeenkomende quizzen gevonden
Scoreverdeling
Procent van Mensen met Elke Score
Percentiel versus Aantal Correcte Antwoorden
Uw Scoregeschiedenis
U heeft deze quiz nog niet genomen